Heads or Tails: / (Record no. 189064)

MARC details
000 -LEADER
fixed length control field 00585nam a2200181 4500
005 - DATE AND TIME OF LATEST TRANSACTION
control field 20220610164256.0
010 ## - LCCN (DPL NO)
LC control number ENG-133227
020 ## - INTERNATIONAL STANDARD BOOK NUMBER
International Standard Book Number 978-93-93330-17-8
Terms of availability 250.00
035 ## - SYSTEM CONTROL NUMBER
System control number EN-116759
037 ## - SOURCE OF ACQUISITION
Source of stock number/acquisition DBAD/PUB
082 ## - DEWEY DECIMAL CLASSIFICATION NUMBER
Classification number 519.2
100 ## - MAIN ENTRY--PERSONAL NAME
Personal name Lesigne Emmanuel
245 ## - TITLE STATEMENT
Title Heads or Tails: /
Remainder of title An Introduction to Limit Theorems in Probability
Statement of responsibility, etc Lesigne Emmanuel
260 ## - PUBLICATION, DISTRIBUTION, ETC. (IMPRINT)
Place of publication, distribution, etc Telangana
Name of publisher, distributor, etc Orient Blackswan Pvt.Ltd.
Date of publication, distribution, etc 2022
270 ## - ADDRESS
Address 3-6-752 Himayatngaar, Hyderabad
City Telagana
Postal code 500029
300 ## - PHYSICAL DESCRIPTION
Extent 150p.
Dimensions 21cm(pbk)
Other physical details Index
942 ## - ADDED ENTRY ELEMENTS (KOHA)
Source of classification or shelving scheme Dewey Decimal Classification
Item type English Books
Classification part 519.2
Call number suffix LES
Holdings
Withdrawn status Lost status Not for loan Collection code Home library Current library Date acquired Source of acquisition Cost, normal purchase price Full call number Barcode Copy number Cost, replacement price Koha item type
      Non-fiction Bawana Bawana 10/06/2022 DBAD/PUB 250.00 519.2 LES EN-116759 1 250.00 English Books

© Delhi Public Library
Hit Counter
free hit counter